Un évènement français >> un département - Statistiques

Statistiques générales
  • Ce quiz a été pris 264 fois
  • Le résultat moyen est 5 sur 12
Statistiques - réponses
Par images Réponse % Correct
Loire-Atlantique (1944)
72%
Yonne (1889)
67%
Seine-Saint-Denis (1793)
64%
Cher (1918)
60%
Landes (1940)
55%
Alpes-de-Haute-Provence (1804)
51%
Haute-Marne (52 avant J-C)
37%
Aube (1610)
35%
Lozère (1848)
20%
Sarthe (1572)
20%
Haute-Garonne (1431)
16%
Meurthe-et-Moselle (1654)
14%
Aucun quiz correspondant
Distribution des résultats
% des personnes avec chaque résultat
Percentile par nombre de réponses
Votre historique - résultats
Vous n’avez pas pris ce quiz